<?xml version="1.0" encoding="UTF-8"?>
<marc:record xmlns:marc="http://www.loc.gov/MARC21/slim">
   <marc:leader>00000nam a2200000 a 4500</marc:leader>
   <marc:datafield ind1="1" ind2=" " tag="100">
      <marc:subfield code="a">Hunter, Erin</marc:subfield>
      <marc:subfield code="4">aut</marc:subfield>
      <marc:subfield code="e">Verfasser/-in</marc:subfield>
   </marc:datafield>
   <marc:datafield ind1=" " ind2=" " tag="653">
      <marc:subfield code="a">Abenteuer</marc:subfield>
   </marc:datafield>
   <marc:datafield ind1=" " ind2=" " tag="653">
      <marc:subfield code="a">Fantasy</marc:subfield>
   </marc:datafield>
   <marc:datafield ind1=" " ind2=" " tag="653">
      <marc:subfield code="a">Für Jungs</marc:subfield>
   </marc:datafield>
   <marc:datafield ind1="0" ind2="0" tag="245">
      <marc:subfield code="a">Morgenröte  II - 3</marc:subfield>
   </marc:datafield>
   <marc:datafield ind1="0" ind2="0" tag="245">
      <marc:subfield code="c">Hunter, Erin</marc:subfield>
   </marc:datafield>
   <marc:datafield ind1=" " ind2="1" tag="264">
      <marc:subfield code="a">Weinheim, Basel</marc:subfield>
      <marc:subfield code="b">Beltz und Gelberg</marc:subfield>
      <marc:subfield code="c">2011</marc:subfield>
   </marc:datafield>
   <marc:datafield ind1="1" ind2=" " tag="490">
      <marc:subfield code="a">Warrior Cats: Die neue Prophezeiung</marc:subfield>
   </marc:datafield>
   <marc:datafield ind1="1" ind2=" " tag="520">
      <marc:subfield code="a">Die Zweibeiner zerstören den Wald: Das Lager des DonnerClans ist dem Erdboden gleichgemacht worden, das Baumgeviert, der rituelle Versammlungsort der vier Clans, gefällt. Alle Katzen hungern erbärmlich. Es scheint unvermeindlich: Die Katzen müssen den Wald verlassen, wenn sie nicht sterben wollen! Doch wohin sollen sie gehen, wo sollen sie in Zukunft leben? Und wie kann unter solchen Bedingungen Frieden zwischen den vier Clans herrschen? Ausgerechnet jetzt hüllt der SternenClan sich in Schweigen. Als die Katzen endlich aufbrechen, weiß keine, wohin ihre Reise sie führen wird ...</marc:subfield>
   </marc:datafield>
   <marc:datafield ind1=" " ind2=" " tag="020">
      <marc:subfield code="a">9783407810939</marc:subfield>
      <marc:subfield code="9">9783407810939</marc:subfield>
   </marc:datafield>
   <marc:datafield ind1=" " ind2=" " tag="020">
      <marc:subfield code="a">3407810938</marc:subfield>
      <marc:subfield code="9">3407810938</marc:subfield>
   </marc:datafield>
   <marc:datafield ind1=" " ind2=" " tag="041">
      <marc:subfield code="a">ger</marc:subfield>
   </marc:datafield>
   <marc:datafield ind1=" " ind2=" " tag="338">
      <marc:subfield code="a">Band</marc:subfield>
   </marc:datafield>
   <marc:datafield ind1=" " ind2=" " tag="300">
      <marc:subfield code="a">358 S.</marc:subfield>
   </marc:datafield>
</marc:record>
